| 000 | 00497nmm a2200169Ia 4500 | ||
|---|---|---|---|
| 008 | 251105s9999||||xx |||||||||||||||||und|| | ||
| 020 | _a9788433964571 | ||
| 041 | _aspa | ||
| 100 | _aAuserón, Santiago | ||
| 245 | 0 |
_aEl ritmo perdido : _b El influjo negro en la canción española |
|
| 264 |
_a[Madrid, España] : _bEditorial Anagrama, _c2021 |
||
| 300 | _a480 páginas | ||
| 490 | _aArgumentos | ||
| 650 | _aMusic | ||
| 856 | _uhttps://public.digitaliapublishing.com/a/100544 | ||
| 942 | _cCF | ||
| 999 |
_c81836 _d81836 |
||